| 000 | 004980000a22001930004500 | ||
|---|---|---|---|
| 005 | 20120302053155.0 | ||
| 942 | _cBOOK | ||
| 100 | _a Davies, Michael | ||
| 245 | _a Pope John's counil: Part II of liturgical revolution | ||
| 260 |
_aDevon: _bAugustine, _c1977 |
||
| 300 | _axvi,336p | ||
| 040 | _aENG | ||
| 365 | _bRs. | ||
| 650 | _aReligion | ||
| 650 | _aChristian | ||
| 650 | _aChristianity-Religion | ||
| 650 | _aReligion-Christian-Pope John's Council | ||
| 650 | _aLiturgical Revolution | ||
| 999 |
_c342148 _d342145 |
||